LEADER 02817nab a2200433 i 4500 001 000000290632 003 CaOOAMICUS 005 20170301000000.0 008 170301n xx uu u0 0und r 013 $a45674 040 $aSeMil$bita 245 10$a[OTTOBRE 1998]. - 32 p. 500 $aOTTOBRE 1998. 773 0 $t[1997-1998].$dMilano : ITL, 1997-1998.$w()253177 774 0 $t"Ritorno al padre di tutti". - In [rubrica].$w()328027 774 0 $tSommario n. 8 - ottobre 1998.$w()328028 774 0 $tSaluto riconoscente. - In [rubrica].$w()328029 774 0 $tSeminario di Saronno. - In [rubrica].$w()328030 774 0 $tLavori in corso. - In [rubrica].$w()328032 774 0 $tOratorio ambrosiano da san Carlo ai giorni nostri. - In [rubrica].$w()328033 774 0 $tDestinazione preti novelli. - In [rubrica].$w()328034 774 0 $tMedie-Ginnasio. Lungo il sentiero di San Francesco. - In [rubrica].$w()328035 774 0 $tPropedeutica-Liceo. Una settimana a Feltre. - In [rubrica].$w()328036 774 0 $tPropedeutica-Liceo. Il Vajont. - In [rubrica].$w()328037 774 0 $tQuadriennio Teologico. Alle radici dell'unità. - In [rubrica].$w()328038 774 0 $tEstate vocazionale. Numerosi gli appuntamenti proposti dalla pastorale vocazionale lungo il corso dell'estate... - In [rubrica].$w()328039 774 0 $tScommessa vincente. - In [rubrica].$w()328040 774 0 $tVacanza vocazionale a Valles. - In [rubrica].$w()328041 774 0 $tMeditazione. - In [rubrica].$w()328042 774 0 $tGioba profeta. Domenica 5 luglio presso il Seminario di Venegono, don Enrico Parolari ha guidato il gruppo dei Giovani Amici in alcuni momenti di riflessione sulla figura del profeta Giona... - In [rubrica].$w()328043 774 0 $tRitiro dalla parte del predicatore. - In [rubrica].$w()328044 774 0 $tAppuntamenti Giovani Amici per l'anno 1998/99. - In [rubrica].$w()328045 774 0 $tHanno forse paura della vita?. - In [rubrica].$w()328046 774 0 $tInsegnaci ancora a pregare. Anche quest'anno l'Associazione amici del Seminario ha vissuto il tradizionale appuntamento di Villa Cagnola per gli esercizi spirituali di fine agoato...- In [rubrica].$w()328047 774 0 $tTieni viva, Signore, la tua Chiesa. - In [rubrica].$w()328048 774 0 $tArchivio storico di Seminario di Venegono. - In [rubrica].$w()328049 774 0 $tDon Egidio Dell'Oro (1926-1998) ; Don Marco Rossi (1921-1998) ; Don Davide Bosetti (1920-1998) ; Don Angelo Giovanni Mutti (1935-1998) ; Mons. Rinaldo Mazzucchelli (1926-1998). - In [rubrica].$w()328050 774 0 $tTetto per la Basilica"... L'avete fatto a me... Borse di studio... Lasciti testamentari... Pastorale Vocazionale. - In [rubrica].$w()328051 996 $6245$a[OTTOBRE 1998]. - 32 p.$9(OLS)http://semarc/title/414643 LEADER 01486nam a2200313 i 4500 001 000000120474 003 CaOOAMICUS 005 20031121000000.0 008 031121s1982 it u000 u ita u 013 $a93168 020 $a88-01-10425-2 040 $aSeMil$bita 245 10$aFormare i catechisti in Italia negli anni '80 /$cpubblicazione a cura dell' Istituto di Catechetica dell'Università Pontificia Salesiana (Roma) 260 $aLeumann :$bElle Di Ci,$cstampa 1982. 300 $a166 p. :$bill., grafici, tabelle ;$c24 cm. 490 0 $aStudi e ricerche di catechetica ;$v1 500 $aContiene : Bibliografia essenziale sulla formazione dei catechisti. - Fondo Card. C.M. Martini. 650 4$aPastorale.$0(OLS)http://semarc/subject/3408 650 4$aCatechesi.$0(OLS)http://semarc/subject/3693 650 4$aFormazione.$0(OLS)http://semarc/subject/16027 710 2 $aUniversità Pontificia Salesiana : Istituto di Catechetica.$0(OLS)http://semarc/name/259 830 0$aStudi e ricerche di catechetica ;$v1.$0(OLS)http://semarc/title/9343 850 $aSeMil 852 $aSeMil$W1$xVenegono$y1$m2C VI 66$j75658$B75658$CSeMilBibl$Z2$F79831 $81 941 1 $a4 961 $aOmaggio: Martini Card. Carlo Maria 996 $6020$a88-01-10425-2$9(OLS)http://semarc/number/105733 996 $6245$aFormare i catechisti in Italia negli anni '80$9(OLS)http://semarc/title/177318 996 $6260$aLeumann :$bElle Di Ci$9(OLS)http://semarc/publisher/29808